<?xml version="1.0" encoding="UTF-8"?>
<record
    xmlns:xsi="http://www.w3.org/2001/XMLSchema-instance"
    xsi:schemaLocation="http://www.loc.gov/MARC21/slim http://www.loc.gov/standards/marcxml/schema/MARC21slim.xsd"
    xmlns="http://www.loc.gov/MARC21/slim">

  <leader>01138nam a2200349Ic 4500</leader>
  <controlfield tag="001">58520</controlfield>
  <controlfield tag="003">CO-BoRNBP</controlfield>
  <controlfield tag="005">20250825212034.0</controlfield>
  <controlfield tag="007">ta</controlfield>
  <controlfield tag="008">000101?uuuu    unk           000 0 unk d</controlfield>
  <datafield tag="020" ind1=" " ind2=" ">
    <subfield code="a">9589096379</subfield>
  </datafield>
  <datafield tag="040" ind1=" " ind2=" ">
    <subfield code="a">CO-BoRNBP</subfield>
    <subfield code="b">spa</subfield>
    <subfield code="e">rda</subfield>
    <subfield code="c">CO-BoRNBP</subfield>
  </datafield>
  <datafield tag="041" ind1=" " ind2=" ">
    <subfield code="a">spa</subfield>
  </datafield>
  <datafield tag="084" ind1=" " ind2=" ">
    <subfield code="a">N CHA4</subfield>
  </datafield>
  <datafield tag="100" ind1=" " ind2=" ">
    <subfield code="a">Chateaubriand, Franuois Rene de,</subfield>
    <subfield code="d">1768-1848</subfield>
    <subfield code="e">aut</subfield>
    <subfield code="9">63413</subfield>
  </datafield>
  <datafield tag="245" ind1="0" ind2="3">
    <subfield code="a">El &#xFA;ltimo abencerraje /</subfield>
    <subfield code="c">Ren&#xE9; de Chateaubriand ; ilustraciones Cristina Salazar.</subfield>
  </datafield>
  <datafield tag="250" ind1=" " ind2=" ">
    <subfield code="a">1a ed.</subfield>
  </datafield>
  <datafield tag="264" ind1=" " ind2="1">
    <subfield code="a">Bogot&#xE1;, Colombia :</subfield>
    <subfield code="b">Tres Culturas,</subfield>
    <subfield code="c">1995</subfield>
  </datafield>
  <datafield tag="300" ind1=" " ind2=" ">
    <subfield code="a">87 p&#xE1;ginas :</subfield>
    <subfield code="b">ilustraciones</subfield>
  </datafield>
  <datafield tag="336" ind1=" " ind2=" ">
    <subfield code="a">text</subfield>
    <subfield code="b">txt</subfield>
    <subfield code="2">rdacontent</subfield>
  </datafield>
  <datafield tag="337" ind1=" " ind2=" ">
    <subfield code="a">unmediated</subfield>
    <subfield code="b">n</subfield>
    <subfield code="2">rdamedia</subfield>
  </datafield>
  <datafield tag="338" ind1=" " ind2=" ">
    <subfield code="a">volume</subfield>
    <subfield code="b">nc</subfield>
    <subfield code="2">rdacarrier</subfield>
  </datafield>
  <datafield tag="490" ind1=" " ind2=" ">
    <subfield code="a">Tesoros de ultramar</subfield>
  </datafield>
  <datafield tag="650" ind1="0" ind2="7">
    <subfield code="a">J&#xF3;venes lectores</subfield>
    <subfield code="2">lemb</subfield>
    <subfield code="9">63414</subfield>
  </datafield>
  <datafield tag="650" ind1="0" ind2="7">
    <subfield code="a">Literatura juvenil</subfield>
    <subfield code="2">lemb</subfield>
    <subfield code="9">314</subfield>
  </datafield>
  <datafield tag="650" ind1="0" ind2="7">
    <subfield code="a">Nobleza</subfield>
    <subfield code="y">Siglo XVI</subfield>
    <subfield code="v">Novela</subfield>
    <subfield code="2">lemb</subfield>
    <subfield code="9">63415</subfield>
  </datafield>
  <datafield tag="651" ind1=" " ind2="0">
    <subfield code="a">Francia</subfield>
    <subfield code="x">Historia</subfield>
    <subfield code="x">Revolucion, 1789</subfield>
    <subfield code="y">1799</subfield>
    <subfield code="x">Vida social y costumbres</subfield>
    <subfield code="9">63416</subfield>
  </datafield>
  <datafield tag="655" ind1=" " ind2=" ">
    <subfield code="a">Novela</subfield>
    <subfield code="9">63194</subfield>
  </datafield>
  <datafield tag="700" ind1=" " ind2=" ">
    <subfield code="a">Roa, Jorge</subfield>
    <subfield code="e">trl</subfield>
    <subfield code="9">63417</subfield>
  </datafield>
  <datafield tag="700" ind1=" " ind2=" ">
    <subfield code="a">Salazar, Cristina</subfield>
    <subfield code="e">ill</subfield>
    <subfield code="9">63418</subfield>
  </datafield>
  <datafield tag="942" ind1=" " ind2=" ">
    <subfield code="c">BK</subfield>
    <subfield code="2">ddc</subfield>
  </datafield>
  <datafield tag="999" ind1=" " ind2=" ">
    <subfield code="c">58520</subfield>
    <subfield code="d">58520</subfield>
  </datafield>
  <datafield tag="952" ind1=" " ind2=" ">
    <subfield code="0">0</subfield>
    <subfield code="1">0</subfield>
    <subfield code="2">lcc</subfield>
    <subfield code="4">0</subfield>
    <subfield code="7">0</subfield>
    <subfield code="8">GEN</subfield>
    <subfield code="a">MESJUANI</subfield>
    <subfield code="b">MESJUANI</subfield>
    <subfield code="c">LIT</subfield>
    <subfield code="d">2025-08-25</subfield>
    <subfield code="l">0</subfield>
    <subfield code="o">N CHA4</subfield>
    <subfield code="p">SJU02173</subfield>
    <subfield code="r">2025-08-25 21:22:30</subfield>
    <subfield code="t">Ej.1</subfield>
    <subfield code="w">2025-08-25</subfield>
    <subfield code="y">BKLIT</subfield>
  </datafield>
</record>
